New History of Methodism (Record no. 2207)
[ view plain ]
| 000 -LEADER | |
|---|---|
| fixed length control field | 00676nam a2200265 a 4500 |
| 020 ## - INTERNATIONAL STANDARD BOOK NUMBER | |
| ISBN | |
| 082 00 - DEWEY DECIMAL CLASSIFICATION NUMBER | |
| Classification number | 287.6 |
| Author Cutter | TOW |
| 100 ## - MAIN ENTRY--AUTHOR NAME | |
| Author name | Townsend, W J |
| 245 ## - TITLE STATEMENT | |
| Title | New History of Methodism |
| 260 ## - PUBLICATION, DISTRIBUTION, ETC. (IMPRINT) | |
| Place of publication | London |
| Name of publisher | Hodder & Stoughton |
| Year of publication | 1909 |
| 300 ## - PHYSICAL DESCRIPTION | |
| Number of Pages | 598p |
| 500 ## - GENERAL NOTE | |
| General note | includes index and biblioraphy |
| 505 2# - FORMATTED CONTENTS NOTE | |
| Formatted contents note | Index |
| 505 2# - FORMATTED CONTENTS NOTE | |
| Formatted contents note | Index00 |
| 650 ## - SUBJECT ADDED ENTRY--TOPICAL TERM | |
| Topical Term | Methodist Church |
| 942 ## - ADDED ENTRY ELEMENTS (KOHA) | |
| Koha item type | Books |
| 700 1# - | |
| -- | H B Workman |
| 700 1# - | |
| -- | Eayrs, George |
| Home library | Current library | Date acquired | Cost, normal purchase price | Full call number | Accession Number | Koha item type |
|---|---|---|---|---|---|---|
| Henry Martyn Institute Library | Henry Martyn Institute Library | 11/02/2016 | 100.00 | 287.6 TOW | 392 | Archive Book |
| Henry Martyn Institute Library | Henry Martyn Institute Library | 100.00 | 287.6 TOW | 393 | Archive Book |
